000
00476nam a2200169Ia 4500
008
090711s9999 xx 000 0 und d
082
_b
50038
100
_a
लाटे दिनानाथ ना.
245
_a
मुखवटे
260
_c
1984
300
_a
172
600
_a
लाटे दिनानाथ ना.
630
_a
मुखवटे
700
_a
लाटे दिनानाथ ना.
730
_a
मुखवटे
942
_c
BOOK
999
_c
297332
_d
297332